000
00254nam a2200085Ia 4500
008
220120s9999||||xx |||||||||||||| ||und||
100
_a
Nagaraj and others
_9
12545
245
0
_a
Java to html converter
260
_a
Coorg Institute of Technology
_b
Ponnampet
_c
2002
999
_c
138143
_d
138143